000
00262nam a2200097Ia 4500
005
20251222114413.0
008
251222s1900||||xx |||||||||||||| ||spa||
082
_a
DVD0120/C17/2003
245
4
_a
The Callas Conversations:Conversaciones con MarĂa Callas
942
_c
DVD
999
_c
2121
_d
2121